| 000 | 00865nam1a2200277 i 4500 | ||
|---|---|---|---|
| 001 | RU\NLR\bibl\1321116 | ||
| 005 | 20240726002808.0 | ||
| 035 | _a(NLR Aleph) 001306460 | ||
| 090 |
_a652109 _c652109 |
||
| 100 | _a20090128g20089999u y0rusy50 ca | ||
| 101 | 1 |
_arus _ceng |
|
| 102 | _aRU | ||
| 105 | _aa ||||||||| | ||
| 200 | 1 |
_aМесть драконов _e[для среднего школьного возраста] _fА. Дж. Лейк _g[пер. с англ. А. Кабалкина] |
|
| 210 |
_aМосква _cМахаон _d2008 |
||
| 215 | _d18 | ||
| 225 | 1 | _aТемные времена | |
| 463 | 0 | _10011294606 | |
| 686 | _aШ9(4Вл)62-4 | ||
| 700 | 1 |
_aЛейк _bА. Дж. _4070 |
|
| 801 | 0 |
_aRU _bNLR _c20090128 _gRCR |
|
| 801 | 1 |
_aRU _bNLR _c20090128 |
|
| 852 |
_aNLR _j2008-3/33648 |
||
| 942 | _cBOOK | ||